000 00712cam a2200145 4500500
005 20260322013537.0
041 _afre
042 _adc
100 1 0 _aDenis, Teulières
_eauthor
245 0 0 _aSnyder Timothy D., Bloodlands : Europe between Hitler and Stalin, New York, Basic Books, 2010 ; trad. fr., id., Terres de sang : l’Europe entre Hitler et Staline, trad. de l’angl. par Pierre-Emmanuel Dauzat, Paris, Gallimard, 2012, 707 p., 32 €
260 _c2015.
500 _a6
786 0 _nVingtième Siècle. Revue d'histoire | 129 | 1 | 2015-12-17 | p. IX-IX | 0294-1759
856 4 1 _uhttps://shs.cairn.info/revue-vingtieme-siecle-revue-d-histoire-2016-1-page-IX?lang=fr&redirect-ssocas=7080
999 _c1781616
_d1781616